Vývoj zaměstnanosti v ČR v r. 1992 a předpokládaný v r. 1993.
Zdroje pracovných síl a ich rozdelenie. Ponuka a dopyt po pracovných silách. Štruktúra a efektívnosť zamestnanosti. Reprodukcia pracovných síl. Predpokladaný vývoj zamestnanosti v r. 1993 v priemysle, poľnohospodárstve, železničnej doprave, pošte, telekomunikáciách. Odhad vývoja nezamestnanosti v ČR...
Enregistré dans:
| Auteur principal: | |
|---|---|
| Autres auteurs: | |
| Format: | Chapitre de livre |
| Langue: | tchèque |
| Sujets: | |
| Tags: |
Pas de tags, Soyez le premier à ajouter un tag!
|
MARC
| LEADER | 00000naa a2200000 4500 | ||
|---|---|---|---|
| 001 | r013576 | ||
| 005 | 20221205080302.7 | ||
| 041 | 0 | |a cze | |
| 044 | |a CZ | ||
| 245 | 1 | 0 | |a Vývoj zaměstnanosti v ČR v r. 1992 a předpokládaný v r. 1993. |c I. Kadlecová, J. Holman |
| 520 | |a Zdroje pracovných síl a ich rozdelenie. Ponuka a dopyt po pracovných silách. Štruktúra a efektívnosť zamestnanosti. Reprodukcia pracovných síl. Predpokladaný vývoj zamestnanosti v r. 1993 v priemysle, poľnohospodárstve, železničnej doprave, pošte, telekomunikáciách. Odhad vývoja nezamestnanosti v ČR v r. 1993. | ||
| 610 | 2 | 0 | |a zamestnanosť |
| 610 | 2 | 0 | |a Čechy |
| 610 | 2 | 0 | |a 1992-1993 |
| 610 | 2 | 0 | |a sily pracovné |
| 610 | 2 | 0 | |a nezamestnanosť |
| 610 | 2 | 0 | |a priemysel |
| 610 | 2 | 0 | |a poľnohospodárstvo |
| 610 | 2 | 0 | |a doprava železničná |
| 610 | 2 | 0 | |a pošty |
| 610 | 2 | 0 | |a telekomunikácie |
| 100 | 1 | |a Kadlecová, I. | |
| 700 | 1 | |a Holman, J. | |